000
00221nam a22000857a 4500
008
160624b xxu||||| |||| 00| 0 eng d
100
_9
1075
_a
Irala, N
245
_a
Achieving Peace of Heart
260
_a
N.Y
_b
Joseph F. Wagner
_c
1969
999
_c
861
_d
861